书目信息 |
| 题名: |
印度文化史
|
|
| 作者: | 尚会鹏 著 | |
| 分册: | ||
| 出版信息: | 杭州 浙江大学出版社 2016 |
|
| 页数: | 340页 | |
| 开本: | 23cm | |
| 丛书名: | ||
| 单 册: | ||
| 中图分类: | K351.03 | |
| 科图分类: | ||
| 主题词: | 文化史--wen hua shi--印度 | |
| 电子资源: | ||
| ISBN: | 978-7-308-16331-6 | |
| 000 | 01195nam0 22002771 450 | |
| 001 | 1755139019 | |
| 005 | 20170605154331.82 | |
| 010 | @a978-7-308-16331-6@dCNY52.00 | |
| 100 | @a20161228d2016 em y0chiy50 ea | |
| 101 | 0 | @achi |
| 102 | @aCN@b330000 | |
| 105 | @aa z 001yy | |
| 106 | @ar | |
| 200 | 1 | @a印度文化史@Ayin du wen hua shi@dThe cultural history of India@f尚会鹏著@zeng |
| 205 | @a3版 | |
| 210 | @a杭州@c浙江大学出版社@d2016 | |
| 215 | @a340页@c图,照片@d23cm | |
| 300 | @a启真讲堂 6 | |
| 314 | @a尚会鹏,北京大学国际关系学院教授、博士生导师。主要著作有《种姓与印度教社会》、《中国人与日本人:社会集团、行为方式和文化心理的比较研究》等。 | |
| 330 | @a本书以历史时段为经、以宗教文化为纬,从不同层面展现了印度人民的精神世界。作者强调宗教是印度人精神生活的核心,它渗透于文化的各个领域。以宗教为切入点,作者还介绍了印度哲学、思想、道德、法律、语言、文学、艺术以及科学技术等领域的成就,并配合以精美的插图,呈现了真实而又丰富多彩的印度文化图景。 | |
| 510 | 1 | @aCultural history of India@zeng |
| 606 | 0 | @a文化史@Awen hua shi@y印度 |
| 690 | @aK351.03@v5 | |
| 701 | 0 | @a尚会鹏@Ashang hui peng@4著 |
| 801 | 0 | @aCN@bTANGWEI@c20170602 |
| 905 | @b0972174-6@dK351.03@e18=3@f3 | |
| 印度文化史=The cultural history of India/尚会鹏著.-3版.-杭州:浙江大学出版社,2016 |
| 340页:图,照片;23cm |
| 启真讲堂 6 |
| ISBN 978-7-308-16331-6:CNY52.00 |
| 本书以历史时段为经、以宗教文化为纬,从不同层面展现了印度人民的精神世界。作者强调宗教是印度人精神生活的核心,它渗透于文化的各个领域。以宗教为切入点,作者还介绍了印度哲学、思想、道德、法律、语言、文学、艺术以及科学技术等领域的成就,并配合以精美的插图,呈现了真实而又丰富多彩的印度文化图景。 |
| ● |
| 相关链接 |
|
|
|
|
正题名:印度文化史
索取号:K351.03/18=3
 
预约/预借
| 序号 | 登录号 | 条形码 | 馆藏地/架位号 | 状态 | 备注 |
| 1 | 0972174 | 209721746 | 第二样本阅览室/ [索取号:K351.03/18=3] | 在馆 | |
| 2 | 0972175 | 209721755 | 第二借阅区/ [索取号:K351.03/18=3] | 在馆 | |
| 3 | 0972176 | 209721764 | 第二借阅区/ [索取号:K351.03/18=3] | 在馆 |